Natural justice and bias (Record no. 77491)

MARC details
000 -LEADER
fixed length control field 01020cab a2200205 4500
001 - CONTROL NUMBER
control field ##L134375
008 - FIXED-LENGTH DATA ELEMENTS--GENERAL INFORMATION
fixed length control field 060801n2006 000 0 eng u
035 ## - SYSTEM CONTROL NUMBER
System control number (Sirsi) u134375
041 0# - LANGUAGE CODE
Language code of text/sound track or separate title eng
100 1# - MAIN ENTRY--PERSONAL NAME
Personal name Phillippo, Peter
245 00 - TITLE STATEMENT
Title Natural justice and bias
260 ## - PUBLICATION, DISTRIBUTION, ETC.
Date of publication, distribution, etc. 2006
490 #0 - SERIES STATEMENT
Series statement Contract Journal
Volume/sequential designation 434(6584) 19 July 2006, 26(1)
520 ## - SUMMARY, ETC.
Summary, etc. Discusses "Norbook Laboratories Ltd v A Tank and another" ([2006] EWHC 1055 Comm, L134373). The decision emphasises that arbitrators must give the parties sufficient opportunity to respond to their opponent's representations. Additionally, where an arbitrator has been in contact with a potential witness without the parties being present, they must be given details of what was said.
590 ## - LOCAL NOTE (RLIN)
Local note IKA010806
650 24 - SUBJECT ADDED ENTRY--TOPICAL TERM
Topical term or geographic name entry element NORBROOK LABORATORIES LTD V A TANK AND ANOTHER
651 #4 - SUBJECT ADDED ENTRY--GEOGRAPHIC NAME
Geographic name England and Wales
Chronological subdivision 1543-
690 ## - LOCAL SUBJECT ADDED ENTRY--TOPICAL TERM (OCLC, RLIN)
Topical term or geographic name as entry element MANAGEMENT-DISPUTE AVOIDANCE, MANAGEMENT AND RESOLUTION-DISPUTE MANAGEMENT AND RESOLUTION-ARBITRATION-ARBITRATORS
942 ## - ADDED ENTRY ELEMENTS (KOHA)
Suppress in OPAC 0
Holdings
Withdrawn status Lost status Source of classification or shelving scheme Damaged status Not for loan Home library Current library Shelving location Date acquired Total Checkouts Full call number Barcode Date last seen Copy number Price effective from Koha item type
    Dewey Decimal Classification     London London Journal article 01/08/2006   L134375 134375-1001 06/08/2019 1 06/08/2019 Journal article